Standout 2.0: (Record no. 5107)

MARC details
000 -LEADER
fixed length control field 00596nam a22002057a 4500
003 - CONTROL NUMBER IDENTIFIER
control field OSt
005 - DATE AND TIME OF LATEST TRANSACTION
control field 20220107122811.0
008 - FIXED-LENGTH DATA ELEMENTS--GENERAL INFORMATION
fixed length control field 160506b xxu||||| |||| 00| 0 eng d
020 ## - INTERNATIONAL STANDARD BOOK NUMBER
International Standard Book Number 9781633690745
040 ## - CATALOGING SOURCE
Transcribing agency IIITMK
082 ## - DEWEY DECIMAL CLASSIFICATION NUMBER
Classification number 650.1 BUC/S
100 ## - MAIN ENTRY--PERSONAL NAME
Personal name Buckingham, Marcus
9 (RLIN) 9124
245 ## - TITLE STATEMENT
Title Standout 2.0:
Remainder of title Asses your strengths. Find your edge. Win at work.
Statement of responsibility, etc. Marcus Buckingham
260 ## - PUBLICATION, DISTRIBUTION, ETC.
Place of publication, distribution, etc. Boston,
Name of publisher, distributor, etc. Harvard Business Review Press,
Date of publication, distribution, etc. 2015
300 ## - PHYSICAL DESCRIPTION
Extent xi, 211p.
651 ## - SUBJECT ADDED ENTRY--GEOGRAPHIC NAME
Geographic name PERSONALSUCCESS
9 (RLIN) 9125
651 ## - SUBJECT ADDED ENTRY--GEOGRAPHIC NAME
Geographic name EMPLOYEE MOTIVATION
9 (RLIN) 9126
651 ## - SUBJECT ADDED ENTRY--GEOGRAPHIC NAME
Geographic name ABILITY
9 (RLIN) 9127
942 ## - ADDED ENTRY ELEMENTS (KOHA)
Source of classification or shelving scheme Dewey Decimal Classification
Koha item type Books
Holdings
Withdrawn status Lost status Source of classification or shelving scheme Damaged status Not for loan Collection code Home library Current library Shelving location Date acquired Cost, normal purchase price Total Checkouts Full call number Barcode Date last seen Date last checked out Price effective from Koha item type
    Dewey Decimal Classification     Management & Auxiliary Services Kerala University of Digital Sciences, Innovation and Technology Knowledge Centre Kerala University of Digital Sciences, Innovation and Technology Knowledge Centre Management 06/05/2016 671.00 1 650.1 BUC/S 4402 03/12/2020 29/11/2019 06/05/2016 Books